00570nam a22001697a 450000500170000001000150001702000260003203500150005803700140007308200100008710000340009724500790013126000550021027000740026530000220033950000390036120180801102236.0 aENG-123647 a9788189981501c750.00 aEN-1071789 bDBAD/PUB.14a230.21 aTripathi, Sujitkumar Amritlal1 aRamcharit Manas:cby Sujitkumar Amritlal Tripathiban epic of common man / aNew DelhibSwastik Publishers & Distributorsc2016 a213, Vardan House, 7/28, Ansari Road, Darya Ganj,bNew Delhie110 002 a200 p.c21cm.(Hb) aIt includes bibliography and index